Most endangered animals - Statistics

General Stats
  • This quiz has been taken 31 times
  • The average score is 3 of 16
Answer Stats
Answer % Correct
4240 Black rhino
70%
35 Javan Rhino
41%
50 Amur leopard
37%
880 Mountain Gorilla
30%
275 Sumatran Rhino
26%
679 Sumatran Tiger
22%
Unknown Saola
15%
2800 Sumatran Elephant
15%
100 Vaquita
15%
7300 Sumatran Orangutan
11%
300 Cross River Gorilla
7%
Unknown Hawksbill Turtle
7%
100.000 Leatherback Turtle
7%
Unknown South China Tiger
7%
225.000 Western Lowland Gorilla
4%
Unknown Yangtze Finless Porpoise
4%
No matching quizzes found
Score Distribution
Percent of People with Each Score
Percentile by Number Answered
Your Score History
You have not taken this quiz